00939nam a22001337a 4500008004100000020001800041050001300059100001400072245010800086260003800194300002500232500002000257505052800277120619t xxu||||| |||| 00| 0 eng d a9780230228498 aJA76.N48 aHay,Colin aNew directions in political science: responding to the challenges of an interdepent world. /cColin Hay aUnited Kingdom:bPalgrave,c2010. axiii, 318 p.:c23cm. aIncludes index. aContents: Introduction: Political science in an age of acknowledged world -- The Rise of political disenchantment -- The Internet in political science -- The New politics of equality -- Civic multiculturalism and national identity -- The Character of the state -- Economic interdependence and the global economic crisis -- The Challenge of territorial politics: beyond methodological nationalism -- New security challenges in an interdependent world --Global challenges: Accountability and effectiveness -- Global justice.